| 000 | 00457nam a2200181 a 4500 | ||
|---|---|---|---|
| 001 | 37884 | ||
| 005 | 20190621105021.0 | ||
| 008 | 140415s1998 mx 000 0 spa d | ||
| 020 | _a9701018702 | ||
| 041 | _aspa | ||
| 082 |
_a343.04 _bFER |
||
| 100 | 1 | _aFERNANDEZ MARTINEZ, REFUGIO DE JESUS | |
| 245 | 1 | 0 | _aDERECHO FISCAL |
| 250 | _a1a ed. | ||
| 260 |
_aMEXICO : _bMCGRAW-HILL/INTERAMERICANA EDITORES, _c1998 |
||
| 300 | _a466 | ||
| 650 | 1 | 4 | _aDERECHO FISCAL |
| 999 |
_c37884 _d37884 |
||